Logo BPK

Biblioteka

Politechniki Koszalińskiej

Polska : (Rekord nr 49217)

Szczegóły MARC
000 -ETYKIETA REKORDU
podpole kontrolne o stałej długości 00910nem a2200265 i 4500
001 - NUMER KONTROLNY REKORDU
pole kontrolne bg
020 ## - MIĘDZYNARODOWY ZNORMALIZOWANY NUMER KSIĄŻKI - ISBN
ISBN 8373454535
040 ## - ŹRÓDŁO KATALOGOWANIA
Instytucja, która utworzyła rekord BPK
041 0# - KOD JĘZYKA
Kod języka tekstu pol
044 ## - KOD KRAJU WYDAWCY/PRODUCENTA
Kod kraju wydawcy/producenta POL
080 ## - UNIWERSALNA KLASYFIKACJA DZIESIĘTNA - UKD
UKD 912(438)
920 ## - Międzynarodowy znormalizowany numer książki – ISBN
ISBN 83-7345-453-5
008 - POLE O STAŁEJ DŁUGOŚCI - DANE KONTROLNE
podpole kontrolne o stałej długości 101228s2010 pl a |000 0 pol
245 00 - TYTUŁ/ODPOWIEDZIALNOŚĆ
Tytuł Polska :
Ciąg dalszy tytułu atlas geograficzny : skala 1:100 000 /
Pozostałe elementy strefy tytułu i oznaczenia odpowiedzialności oprac. wydawca Wydawnictwo Kartograficzne "Mapy Ścienne" Beata Piętka.
255 ## - STREFA DANYCH MATEMATYCZNYCH
Oznaczenie skali Skala 1:100 000.
260 ## - STREFA ADRESU WYDAWNICZEGO
Miejsce wydania Katowice :
Nazwa wydawcy/dystrybutora Wydawnictwo Kartograficzne "Mapy Ścienne" Beata Piętka,
Data publikacji, dystrybucji/powstania dokumentu 2010/2011.
300 ## - STREFA OPISU FIZYCZNEGO
Objętość 643 s. :
Inne cechy fizyczne fot., mapy kolor. ;
Rozmiary 35 cm.
500 ## - UWAGI OGÓLNE
Tekst uwagi Mapy na wyklejkach.
504 ## - UWAGA DOTYCZĄCA BIBLIOGRAFII
Informacje o bibliografii Indeks tematyczny.
651 #4 - HASŁO PRZEDMIOTOWE W FORMIE NAZWY GEOGRAFICZNEJ
Nazwa geograficzna Polska
655 ## - TERMIN INDEKSOWY - OKREŚLENIE RODZAJU/FORMY DOKUMENTU
Określenie rodzaju/formy dokumentu Mapy
710 2# - HASŁO DODATKOWE - NAZWA CIAŁA ZBIOROWEGO
Nazwa ciała zbiorowego lub jednostki geograficznej Wydawnictwo Kartograficzne "Mapy Ścienne" Beata Piętka
856 ## - LOKALIZACJA I DOSTĘP DO ELEKTRONICZNYCH DOKUMENTÓW ZDALNYCH
Link (URL) http://koha.tu.koszalin.pl/cgi-bin/koha/opac-detail.pl?biblionumber=49217
Tekst linku Katalog online BPK
942 ## - DODATKOWE ELEMENTY (KOHA)
Typ dokumentu Kartograficzne
Egzemplarze
Wycofany Status egzemplarza Uszkodzony Dostępność Lokalizacja stała Lokalizacja bieżąca Miejsce przechowywania Sygnatura Kod kreskowy Dział Typ dokumentu
      Tylko na miejscu Biblioteka Politechniki Koszalińskiej Biblioteka Politechniki Koszalińskiej Czytelnia Wydziałowa ul. Kwiatkowskiego 6e MP 1653 02200552 912 Mapy. Atlasy geograficzne Kartograficzne
© 2023 Biblioteka Politechniki Koszalińskiej :: KOHA